Sol y lluvia / (Record no. 30864)

MARC details
000 -LEADER
fixed length control field 01588nam a2200397Ia 4500
001 - CONTROL NUMBER
control field z9alam b1934884
003 - CONTROL NUMBER IDENTIFIER
control field OCoLC
005 - DATE AND TIME OF LATEST TRANSACTION
control field 20250310081604.0
008 - FIXED-LENGTH DATA ELEMENTS--GENERAL INFORMATION
fixed length control field 120119s2011 sp a j 000 f spa d
020 ## - INTERNATIONAL STANDARD BOOK NUMBER
International Standard Book Number 9788426381712
020 ## - INTERNATIONAL STANDARD BOOK NUMBER
International Standard Book Number 8426381715
040 ## - CATALOGING SOURCE
Original cataloging agency SAP
Transcribing agency SAP
Modifying agency UtOrBLW
041 1# - LANGUAGE CODE
Language code of text/sound track or separate title spa
Language code of original eng
100 1# - MAIN ENTRY--PERSONAL NAME
Personal name Jay, Alison.
240 10 - UNIFORM TITLE
Uniform title <a href="Rain and shine.">Rain and shine.</a>
Language of a work Spanish.
245 10 - TITLE STATEMENT
Title Sol y lluvia /
Statement of responsibility, etc. [ilustraciones], Alison Jay ; [traducido por Jorge Hern©Łn G©đmez]
260 ## - PUBLICATION, DISTRIBUTION, ETC. (IMPRINT)
Place of publication, distribution, etc. [Zaragoza, Spain] :
Name of publisher, distributor, etc. Editorial Luis Vives,
Date of publication, distribution, etc. c2011.
300 ## - PHYSICAL DESCRIPTION
Extent 1 v. (unpaged) :
Other physical details col., ill. ;
Dimensions 20 cm.
336 ## - CONTENT TYPE
Content type term text
Content type code txt
Source rdacontent.
337 ## - MEDIA TYPE
Media type term unmediated
Media type code n
Source rdamedia.
338 ## - CARRIER TYPE
Carrier type term volume
Carrier type code nc
Source rdacarrier.
490 1# - SERIES STATEMENT
Series statement Toca y busca ;
Volume/sequential designation 2.
490 1# - SERIES STATEMENT
Series statement Colecci©đn Arco iris (Edelvives)
500 ## - GENERAL NOTE
General note Cover title.
500 ## - GENERAL NOTE
General note En p©Łginas de cart©đn duro con texturas = On board pages with textures.
500 ## - GENERAL NOTE
General note T©Ưtulo original: Rain and shine.
520 ## - SUMMARY, ETC.
Summary, etc. "Recorre en estas p©Łginas los diferentes estados de clima. En el paseo encontrar©Łs gotas, luz, brillo ℗Ły todos los colores de la naturaleza! Textos en rima, ilustraciones con texturas y sencillas adivinanzas para leer, pensar y tocar al mismo tiempo."-- Back cover.
650 #0 - SUBJECT ADDED ENTRY--TOPICAL TERM
Topical term or geographic name as entry element Weather
Form subdivision Juvenile fiction.
650 #1 - SUBJECT ADDED ENTRY--TOPICAL TERM
Topical term or geographic name as entry element Stories in rhyme.
650 #7 - SUBJECT ADDED ENTRY--TOPICAL TERM
Topical term or geographic name as entry element Estado atmosf©♭rico
Form subdivision Novela juvenil.
Source of heading or term bidex.
650 #7 - SUBJECT ADDED ENTRY--TOPICAL TERM
Topical term or geographic name as entry element Cuentos en rima.
Source of heading or term bidex.
655 #7 - INDEX TERM--GENRE/FORM
Genre/form data or focus term Textured books.
Source of term lcgft.
655 #7 - INDEX TERM--GENRE/FORM
Genre/form data or focus term Board books.
Source of term lcgft.
700 1# - ADDED ENTRY--PERSONAL NAME
Personal name G©đmez, Jorge Hern©Łn.
942 ## - ADDED ENTRY ELEMENTS (KOHA)
Koha item type Libro/Book
Holdings
Withdrawn status Lost status Damaged status Not for loan Home library Current library Date acquired Total Checkouts Full call number Barcode Date last seen Date checked out Price effective from Koha item type
        San Juan Del Sur -- Biblioteca San Juan Del Sur -- Biblioteca 10/03/2025 4 JI 30022990 15/04/2026 25/03/2026 10/03/2025 Libro/Book

Powered by Koha